01214nam a22002057a 450000500170000000800410001702000180005804000070007604100080008308200180009110000170010924500130012626000370013930000250017636500590020144000210026052006710028165000290095265000270098120251104154700.0251104b |||||||| |||| 00| 0 eng d a9781398539549 cAL aeng a823.914bASHR aLauren Asher aRedeemed aLondonbSimon and Schusterc2024 avi,458pbPBc20x13cm 2Englisha4241b₹399.20c₹d499.00e20%f25-10-2025 aDirty air series aSantiago Alatorre One mistake destroys my career. I go from most eligible bachelor to monster, hiding from the world. At least until Chloe breaks into my home. My new fake girlfriend is a temporary fix to my biggest problem. But as our game changes, so do my feelings. There’s only one issue stopping me from claiming her. Me. Chloe Carter It all started with a birthday wish, some vodka, and an ancestry kit. That’s how I end up in Italy, finding my long-lost father. But one decision lands me a fake boyfriend I don’t want. The more we pretend, the easier our ruse becomes. I told myself not to fall in love with a liar like Santiago. I should have listened. aAmerican English Fiction aAmerican English Novel